header

Republicanism and the American Gothic (Record no. 46889)

MARC details
000 -LEADER
fixed length control field 01101nam a2200289 a 4500
100 1# - MAIN ENTRY--AUTHOR NAME
Personal name Michaud, Marilyn.
245 10 - TITLE STATEMENT
Title Republicanism and the American Gothic
260 ## - PUBLICATION, DISTRIBUTION, ETC. (IMPRINT)
Place of publication Cardiff :
Name of publisher University of Wales Press,
Year of publication 2009.
300 ## - PHYSICAL DESCRIPTION
Number of Pages 197 p.
650 #0 - SUBJECT ADDED ENTRY--TOPICAL TERM
Topical Term Republicanism.
856 40 - ELECTRONIC LOCATION AND ACCESS
Uniform Resource Identifier http://site.ebrary.com/lib/rucke/Doc?id=10633953

No items available.

© 2026 Rongo University
Contact us: librarian | system librarian | Rongo university